[Event "SVK-ch Blitz"]
[Site "Nitra"]
[Date "2022.10.29"]
[Round "3"]
[White "Borik, Juraj"]
[Black "Mikula, Martin1"]
[Result "1-0"]
[WhiteElo "2049"]
[BlackElo "1702"]
[PlyCount "43"]
[EventDate "2022.10.29"]
[EventType "swiss"]
[EventRounds "13"]
[EventCountry "SVK"]
[SourceTitle "EXT 2024"]
[Source "ChessBase"]
[SourceDate "2023.10.10"]
[SourceVersion "1"]
[SourceVersionDate "2023.10.10"]
[SourceQuality "1"]

1. e4 Nf6 2. Nc3 d5 3. e5 d4 4. exf6 dxc3 5. Bc4 exf6 6. bxc3 Be6 7. Bb3 Qe7 8. Bxe6 Qxe6+ 9. Ne2 Bd6 10. 0-0 0-0 11. Nd4 Qd5 12. Qg4 Qg5 13. Qf3 Qh6 14. h3 c6 15. d3 Qh4 16. Nf5 Qa4 17. Nxd6 Qxc2 18. Nf5 Qxc3 19. Bh6 Nd7 20. Bxg7 Rfe8 21. Qg4 Ne5 22. Nh6# 1-0

[Event "SVK-ch Blitz"]
[Site "Nitra"]
[Date "2022.10.29"]
[Round "11"]
[White "Borik, Juraj"]
[Black "Murajda, Tomas"]
[Result "1-0"]
[WhiteElo "2049"]
[BlackElo "1864"]
[PlyCount "77"]
[EventDate "2022.10.29"]
[EventType "swiss"]
[EventRounds "13"]
[EventCountry "SVK"]
[SourceTitle "EXT 2024"]
[Source "ChessBase"]
[SourceDate "2023.10.10"]
[SourceVersion "1"]
[SourceVersionDate "2023.10.10"]
[SourceQuality "1"]

1. e4 c5 2. Nf3 Nc6 3. c3 g6 4. d4 cxd4 5. cxd4 Bg7 6. Nc3 e6 7. d5 Ne5 8. Be2 Nxf3+ 9. Bxf3 d6 10. 0-0 e5 11. Be2 a6 12. a4 Ne7 13. a5 0-0 14. Be3 f5 15. Bb6 Qe8 16. Rc1 Bd7 17. Bc7 Rf6 18. Bb6 Rc8 19. Qb3 Bh6 20. Rcd1 Qf7 21. f3 g5 22. Bf2 Ng6 23. Qxb7 Nf4 24. Bxa6 g4 25. fxg4 Rg6 26. exf5 Rxg4 27. Bg3 Qxf5 28. Rf2 Rf8 29. Qc7 Rg6 30. Bd3 Qf7 31. Bxg6 hxg6 32. Ne4 Re8 33. Nxd6 Qe7 34. Nxe8 Qxe8 35. a6 e4 36. Bxf4 Bxf4 37. Qxf4 Bf5 38. a7 Qa8 39. Qb8+ 1-0

[Event "SVK-ch Blitz"]
[Site "Nitra"]
[Date "2022.10.29"]
[Round "2"]
[White "Mandak, Miroslav"]
[Black "Borik, Juraj"]
[Result "0-1"]
[WhiteElo "1864"]
[BlackElo "2049"]
[PlyCount "54"]
[EventDate "2022.10.29"]
[EventType "swiss"]
[EventRounds "13"]
[EventCountry "SVK"]
[SourceTitle "EXT 2024"]
[Source "ChessBase"]
[SourceDate "2023.10.10"]
[SourceVersion "1"]
[SourceVersionDate "2023.10.10"]
[SourceQuality "1"]

1. e4 c5 2. Nf3 Nc6 3. Bb5 e6 4. 0-0 Nge7 5. Re1 g6 6. c3 Bg7 7. d4 cxd4 8. cxd4 0-0 9. Nc3 a6 10. Bf1 d5 11. e5 b5 12. a3 b4 13. axb4 Nxb4 14. Bd2 Bd7 15. Na4 a5 16. Nc5 Bc6 17. Qb3 Rb8 18. Rec1 Ba8 19. Qa4 Nbc6 20. Bxa5 Nxa5 21. Qxa5 Rxb2 22. Qa3 Rb8 23. h3 Bc6 24. Nxe6 fxe6 25. Ng5 Bd7 26. Rcb1 Nc6 27. Qd3 Qxg5 0-1

[Event "SVK-ch Blitz"]
[Site "Nitra"]
[Date "2022.10.29"]
[Round "10"]
[White "Sahidi, Samir"]
[Black "Borik, Juraj"]
[Result "1-0"]
[WhiteElo "2467"]
[BlackElo "2049"]
[PlyCount "37"]
[EventDate "2022.10.29"]
[EventType "swiss"]
[EventRounds "13"]
[EventCountry "SVK"]
[SourceTitle "EXT 2024"]
[Source "ChessBase"]
[SourceDate "2023.10.10"]
[SourceVersion "1"]
[SourceVersionDate "2023.10.10"]
[SourceQuality "1"]

1. e4 c5 2. Nf3 Nc6 3. Bb5 e6 4. Bxc6 bxc6 5. 0-0 d5 6. d3 Nf6 7. e5 Nd7 8. Nc3 Be7 9. Na4 0-0 10. b3 f6 11. exf6 Bxf6 12. Bb2 e5 13. Re1 Qc7 14. c4 Re8 15. Rc1 d4 16. Nd2 e4 17. Nxe4 Be5 18. g3 Nf6 19. Nxf6+ 1-0

[Event "SVK-ch Rapid"]
[Site "Modra"]
[Date "2021.06.12"]
[Round "5"]
[White "Simkovic, Eduard"]
[Black "Borik, Juraj"]
[Result "0-1"]
[WhiteElo "1905"]
[BlackElo "2149"]
[PlyCount "66"]
[EventDate "2021.06.12"]
[EventType "swiss (rapid)"]
[EventRounds "9"]
[EventCountry "SVK"]
[SourceTitle "EXT 2022"]
[Source "ChessBase"]
[SourceDate "2021.10.06"]
[SourceVersion "1"]
[SourceVersionDate "2021.10.06"]
[SourceQuality "1"]

1. e4 c5 2. c4 Nc6 3. Nc3 g6 4. g3 Bg7 5. Bg2 e6 6. Nge2 Nge7 7. d3 0-0 8. Be3 Nd4 9. Qd2 Rb8 10. 0-0 Re8 11. Rab1 d6 12. f4 a6 13. a4 Bd7 14. b3 b5 15. axb5 axb5 16. g4 Nec6 17. g5 Qc7 18. Ng3 bxc4 19. bxc4 Rb3 20. Nb5 Qb8 21. Rxb3 Nxb3 22. Qa2 Nbd4 23. Rb1 Nxb5 24. Rxb5 Qc7 25. e5 Nb4 26. Rxb4 cxb4 27. d4 Rb8 28. Ne4 b3 29. Qb2 dxe5 30. dxe5 Qxc4 31. Nc5 Bb5 32. Ne4 Qe2 33. Ba7 Qe1+ 0-1

[Event "SVK-ch rapid"]
[Site "Topolcany"]
[Date "2020.07.11"]
[Round "1"]
[White "Kovarikova, Maria"]
[Black "Borik, Juraj"]
[Result "1-0"]
[WhiteElo "1657"]
[BlackElo "2157"]
[PlyCount "73"]
[EventDate "2020.07.11"]
[EventType "swiss (rapid)"]
[EventRounds "9"]
[EventCountry "SVK"]
[SourceTitle "CBM 197 Extra"]
[Source "ChessBase"]
[SourceDate "2020.09.30"]
[SourceVersion "1"]
[SourceVersionDate "2020.09.30"]
[SourceQuality "1"]

1. e4 c5 2. Nc3 d6 3. g3 Nf6 4. Bg2 g6 5. d3 Bg7 6. Be3 0-0 7. Nf3 Nc6 8. Qd2 Rb8 9. Bh6 b5 10. h4 Bg4 11. Bxg7 Kxg7 12. Nh2 Be6 13. f4 Nd4 14. 0-0 Bg4 15. e5 Nh5 16. Nxg4 Nxg3 17. Rfe1 Ngf5 18. Ne2 h5 19. Ne3 Nxh4 20. Nxd4 cxd4 21. Nf1 dxe5 22. Rxe5 Qd7 23. Qf2 Nf5 24. Rae1 Rb6 25. Bh3 e6 26. Bxf5 exf5 27. Re7 Qd6 28. Nd2 h4 29. Qxh4 Rh8 30. Rxf7+ Kxf7 31. Qxh8 Rb8 32. Qh7+ Kf6 33. Qh4+ Kf7 34. Nf3 Re8 35. Ne5+ Kg7 36. Qg5 Rh8 37. Nxg6 1-0

[Event "SVK-ch rapid"]
[Site "Velky Cetin"]
[Date "2018.04.28"]
[Round "5"]
[White "Borik, Juraj"]
[Black "Lenic, Luka"]
[Result "0-1"]
[WhiteElo "2150"]
[BlackElo "2659"]
[PlyCount "68"]
[EventDate "2018.04.28"]
[EventType "swiss (rapid)"]
[EventRounds "9"]
[EventCountry "SVK"]
[SourceTitle "CBM 184 Extra"]
[Source "ChessBase"]
[SourceDate "2018.06.28"]
[SourceVersion "1"]
[SourceVersionDate "2018.06.28"]
[SourceQuality "1"]

1. e4 c5 2. Nf3 Nc6 3. Nc3 e5 4. Bc4 Be7 5. 0-0 d6 6. Ne2 Nf6 7. Ng3 0-0 8. d3 Na5 9. c3 a6 10. Bb3 Nxb3 11. Qxb3 b5 12. Bg5 h6 13. Bxf6 Bxf6 14. c4 Rb8 15. Qc2 g6 16. b3 Bg7 17. Rac1 h5 18. Rfe1 h4 19. Nf1 h3 20. Qd2 hxg2 21. Kxg2 Qd7 22. Ng1 Qg4+ 23. Kh1 Qh4 24. Rc2 Bh6 25. Qe2 Kg7 26. Nf3 Qf6 27. Ng1 Rh8 28. Ng3 Bf4 29. Qf3 Qh4 30. Qg2 Bg4 31. N1e2 Bg5 32. Ng1 Rh7 33. f3 Be6 34. Ree2 Rbh8 0-1

[Event "SVK-chT1W 1718"]
[Site "Slovakia"]
[Date "2018.03.11"]
[Round "11.3"]
[White "Franzen, Jozef"]
[Black "Borik, Juraj"]
[Result "1-0"]
[WhiteElo "2260"]
[BlackElo "2152"]
[PlyCount "83"]
[EventDate "2017.10.21"]
[EventType "team-tourn"]
[EventRounds "11"]
[EventCountry "SVK"]
[SourceTitle "EXT 2019"]
[Source "ChessBase"]
[SourceDate "2018.10.10"]
[SourceVersion "1"]
[SourceVersionDate "2018.10.10"]
[SourceQuality "1"]
[WhiteTeam "Bratislava Slovan II"]
[BlackTeam "Dubnica nad Vahom II"]
[WhiteTeamCountry "SVK"]
[BlackTeamCountry "SVK"]

1. Nf3 d6 2. d4 Nf6 3. g3 Nbd7 4. Bg2 e5 5. c4 Be7 6. Nc3 0-0 7. 0-0 a5 8. e4 Re8 9. d5 Nb6 10. b3 Bg4 11. h3 Bxf3 12. Qxf3 a4 13. Be3 Nfd7 14. h4 axb3 15. axb3 c5 16. Bh3 Nb8 17. Nb5 Rxa1 18. Rxa1 Na6 19. Qd1 Na8 20. Bd2 Qb8 21. Ra3 Rf8 22. Qg4 Re8 23. Kg2 Bf8 24. h5 N6c7 25. Nc3 b5 26. cxb5 Nxb5 27. Rxa8 Qxa8 28. Nxb5 Qa2 29. Bh6 f5 30. exf5 Qxb3 31. Nc7 Re7 32. Ne6 Qxd5+ 33. Kg1 Rb7 34. Bg2 Rb1+ 35. Kh2 Qd1 36. Qg5 Kf7 37. Bxg7 Be7 38. f6 Qg1+ 39. Kh3 Qxf2 40. fxe7 Rb2 41. Nd8+ Ke8 42. Bc6# 1-0

[Event "SVK-chT 1718"]
[Site "Slovakia"]
[Date "2017.11.12"]
[Round "4.4"]
[White "Briestensky, Rastislav"]
[Black "Borik, Juraj"]
[Result "1-0"]
[WhiteElo "2292"]
[BlackElo "2164"]
[PlyCount "81"]
[EventDate "2017.09.30"]
[EventType "team-tourn"]
[EventRounds "11"]
[EventCountry "SVK"]
[SourceTitle "CBM 181 Extra"]
[Source "ChessBase"]
[SourceDate "2017.12.12"]
[SourceVersion "1"]
[SourceVersionDate "2017.12.12"]
[SourceQuality "1"]
[WhiteTeam "Bratislava Slovan"]
[BlackTeam "Dubnica nad Vahom"]
[WhiteTeamCountry "SLO"]
[BlackTeamCountry "SVK"]

1. e4 d5 2. exd5 Qxd5 3. Nc3 Qd6 4. d4 Nf6 5. Nge2 a6 6. Bf4 Qd8 7. Ng3 e6 8. Be2 Nc6 9. Be3 Bb4 10. 0-0 Ne7 11. a3 Bd6 12. Bg5 Nfd5 13. Nce4 Bf4 14. Nh5 Bxg5 15. Nxg5 Nf5 16. Qd2 g6 17. Ng3 0-0 18. Nxf5 exf5 19. Bc4 b5 20. Bxd5 Qxd5 21. Rad1 Bb7 22. f3 c5 23. c3 cxd4 24. Qxd4 Qxd4+ 25. Rxd4 h6 26. Nh3 Bc6 27. Rfd1 Rfc8 28. Nf4 Kf8 29. Kf2 h5 30. h4 Rab8 31. Nd3 a5 32. Rd2 Be8 33. Nf4 Rc5 34. Nd3 Rc7 35. Ne5 Ke7 36. Ke3 f6 37. Nd3 g5 38. g3 Rb6 39. Kf2 Rd7 40. Re2+ Re6 41. Rxe6+ 1-0

[Event "SVK-chT 1718"]
[Site "Slovakia"]
[Date "2017.11.11"]
[Round "3.3"]
[White "Borik, Juraj"]
[Black "Csonka, Attila Istvan"]
[Result "0-1"]
[WhiteElo "2164"]
[BlackElo "2349"]
[PlyCount "80"]
[EventDate "2017.09.30"]
[EventType "team-tourn"]
[EventRounds "11"]
[EventCountry "SVK"]
[SourceTitle "CBM 181 Extra"]
[Source "ChessBase"]
[SourceDate "2017.12.12"]
[SourceVersion "1"]
[SourceVersionDate "2017.12.12"]
[SourceQuality "1"]
[WhiteTeam "Dubnica nad Vahom"]
[BlackTeam "Dunajska Streda"]
[WhiteTeamCountry "SVK"]
[BlackTeamCountry "SVK"]

1. c4 e5 2. Nc3 Nf6 3. Nf3 Nc6 4. d4 exd4 5. Nxd4 Bb4 6. Nc2 Bxc3+ 7. bxc3 d6 8. f3 Nh5 9. Qd5 f5 10. Be3 Nf6 11. Qd2 b6 12. Bf2 0-0 13. e3 Ne5 14. Nd4 Qe8 15. Be2 Be6 16. Qc2 g6 17. 0-0 Bxc4 18. Bxc4+ Nxc4 19. Rfe1 c5 20. Nb3 Qe6 21. Nd2 Rae8 22. Nf1 d5 23. h3 Rf7 24. Red1 Qc6 25. Re1 Ne5 26. Red1 c4 27. Rd4 Nd3 28. Bg3 Nh5 29. Bh2 Rfe7 30. g4 Ng7 31. Rd1 Rxe3 32. Nxe3 Rxe3 33. Bf4 Rxf3 34. Qg2 Rxf4 35. R1xd3 cxd3 36. Rxf4 Ne6 37. Rf3 Qxc3 38. gxf5 Nd4 39. Rf1 Ne2+ 40. Kh1 Qe5 0-1

[Event "SVK-chT1W 1718"]
[Site "Slovakia"]
[Date "2017.11.05"]
[Round "4.2"]
[White "Maslik, Miroslav"]
[Black "Borik, Juraj"]
[Result "1-0"]
[WhiteElo "2360"]
[BlackElo "2145"]
[PlyCount "53"]
[EventDate "2017.10.21"]
[EventType "team-tourn"]
[EventRounds "11"]
[EventCountry "SVK"]
[SourceTitle "CBM 181 Extra"]
[Source "ChessBase"]
[SourceDate "2017.12.12"]
[SourceVersion "1"]
[SourceVersionDate "2017.12.12"]
[SourceQuality "1"]
[WhiteTeam "Bratislava Lokomotiva"]
[BlackTeam "Dubnica nad Vahom II"]
[WhiteTeamCountry "SVK"]
[BlackTeamCountry "SVK"]

1. Nf3 d5 2. g3 g6 3. c4 Nf6 4. Bg2 Bg7 5. 0-0 0-0 6. cxd5 Nxd5 7. d4 a5 8. Nc3 Nxc3 9. bxc3 c5 10. Rb1 cxd4 11. Nxd4 Qc7 12. Nb5 Qd7 13. Qxd7 Nxd7 14. Ba3 Bf6 15. Nc7 Ra7 16. Rfd1 Kg7 17. c4 b5 18. Nxb5 Ra6 19. Nc7 Rb6 20. Nd5 Rxb1 21. Rxb1 Re8 22. c5 Ne5 23. c6 Nc4 24. Bc5 e5 25. Rb8 Bg5 26. h4 Bd2 27. Ne7 1-0

[Event "SVK-chT 1718"]
[Site "Slovakia"]
[Date "2017.10.01"]
[Round "2.6"]
[White "Borik, Juraj"]
[Black "Sepesi, Samuel"]
[Result "0-1"]
[WhiteElo "2164"]
[BlackElo "2183"]
[PlyCount "60"]
[EventDate "2017.09.30"]
[EventType "team-tourn"]
[EventRounds "11"]
[EventCountry "SVK"]
[SourceTitle "EXT 2018"]
[Source "ChessBase"]
[SourceDate "2017.10.13"]
[SourceVersion "1"]
[SourceVersionDate "2017.10.13"]
[SourceQuality "1"]
[WhiteTeam "Dubnica nad Vahom"]
[BlackTeam "Prakovce"]
[WhiteTeamCountry "SVK"]
[BlackTeamCountry "SVK"]

1. e4 c5 2. Nc3 Nc6 3. g3 g6 4. Bg2 Bg7 5. Nge2 d6 6. d3 e5 7. Be3 Nge7 8. Qd2 0-0 9. Bh6 Rb8 10. h4 f6 11. Bxg7 Kxg7 12. Nd5 h5 13. 0-0-0 Nxd5 14. exd5 Ne7 15. Kb1 b5 16. f3 Nxd5 17. g4 Rh8 18. gxh5 Rxh5 19. f4 Nxf4 20. Nxf4 exf4 21. Qxf4 Qe7 22. Rde1 Re5 23. Reg1 Rf5 24. Qg3 Qe5 25. Be4 Rf1+ 26. Rxf1 Qxg3 27. Rfg1 Qe5 28. Bxg6 Bb7 29. Rh3 Kh6 30. Bf7 Bg2 0-1

[Event "SVK-chT1W 1617"]
[Site "Slovakia"]
[Date "2016.12.10"]
[Round "5.2"]
[White "Borik, Juraj"]
[Black "Srvatka, Igor"]
[Result "1-0"]
[WhiteElo "2163"]
[BlackElo "2153"]
[PlyCount "54"]
[EventDate "2016.10.15"]
[EventType "team-tourn"]
[EventRounds "11"]
[EventCountry "SVK"]
[SourceTitle "EXT 2018"]
[Source "ChessBase"]
[SourceDate "2017.10.13"]
[SourceVersion "1"]
[SourceVersionDate "2017.10.13"]
[SourceQuality "1"]
[WhiteTeam "Dubnica nad Vahom II"]
[BlackTeam "Povazska Bystrica"]
[WhiteTeamCountry "SVK"]
[BlackTeamCountry "SVK"]

1. e4 e5 2. Nf3 Nf6 3. Nc3 Bb4 4. Bc4 Nc6 5. 0-0 d6 6. a3 Bxc3 7. dxc3 Be6 8. Qe2 Qe7 9. Bb5 a6 10. Bxc6+ bxc6 11. Bg5 h6 12. Bd2 Nd7 13. c4 0-0 14. Rfe1 Rae8 15. Ba5 Qd8 16. Rad1 Qb8 17. Nh4 Qb7 18. Nf5 Bxf5 19. exf5 c5 20. Rd3 Re7 21. Rb3 Qc6 22. Qg4 Nf6 23. Qh4 Rfe8 24. Rg3 Kh7 25. Bd2 Ng8 26. f6 Nxf6 27. Bxh6 g5 1-0

[Event "SVK-chT1W 1617"]
[Site "Slovakia"]
[Date "2016.11.20"]
[Round "4.1"]
[White "Zetocha, Claudiu Andrei"]
[Black "Borik, Juraj"]
[Result "0-1"]
[WhiteElo "2337"]
[BlackElo "2163"]
[PlyCount "144"]
[EventDate "2016.10.15"]
[EventType "team-tourn"]
[EventRounds "11"]
[EventCountry "SVK"]
[SourceTitle "EXT 2018"]
[Source "ChessBase"]
[SourceDate "2017.10.13"]
[SourceVersion "1"]
[SourceVersionDate "2017.10.13"]
[SourceQuality "1"]
[WhiteTeam "Bratislava Slovan II"]
[BlackTeam "Dubnica nad Vahom II"]
[WhiteTeamCountry "SVK"]
[BlackTeamCountry "SVK"]

1. Nf3 c5 2. c4 Nf6 3. Nc3 Nc6 4. d4 cxd4 5. Nxd4 e6 6. e3 Be7 7. Be2 0-0 8. 0-0 a6 9. b3 Ne5 10. Bb2 Ng6 11. g3 Rb8 12. Bf3 b6 13. Qe2 Qc7 14. Bg2 Bb7 15. e4 Rfe8 16. Rac1 d6 17. Kh1 Nd7 18. Qd2 Rbd8 19. f4 Qb8 20. Qf2 Bf6 21. Rcd1 Qa8 22. Rfe1 Nc5 23. b4 Nd7 24. Nb3 Qb8 25. Qd2 Ndf8 26. Qe3 Qc7 27. Rc1 h6 28. Na4 Bxb2 29. Nxb2 Qb8 30. a4 d5 31. c5 bxc5 32. bxc5 Rc8 33. Na5 Ba8 34. Qc3 dxe4 35. c6 f5 36. Qc5 Qxb2 37. Rb1 Qf6 38. Rb6 Qe7 39. Qc4 Qd6 40. Reb1 Qd5 41. Qxa6 Ne7 42. Rc1 Rc7 43. Rb5 Qa2 44. Rbc5 Qxa4 45. Bf1 e3 46. Kg1 Nd5 47. Qe2 Rec8 48. Qb2 e2 49. Bxe2 Qe4 50. Ba6 Rd8 51. Nb7 Qe3+ 52. Qf2 Qxf2+ 53. Kxf2 Rb8 54. Nd6 Rb2+ 55. Be2 Nb4 56. Ke1 Rxc6 57. Nc8 Rxc5 58. Rxc5 Nd5 59. Nd6 Rb8 60. Ra5 Rd8 61. Nc4 Nf6 62. Ra7 Bd5 63. Ne3 Ra8 64. Rxa8 Bxa8 65. h3 Nd5 66. Nc2 Nc3 67. Bf1 Kf7 68. g4 Be4 69. Nd4 Nd5 70. gxf5 exf5 71. Bc4 Kf6 72. Ne2 Ne6 0-1

[Event "SVK-chT1W 1617"]
[Site "Slovakia"]
[Date "2016.10.15"]
[Round "1.1"]
[White "Balogh, Tomas"]
[Black "Borik, Juraj"]
[Result "1/2-1/2"]
[WhiteElo "2334"]
[BlackElo "2163"]
[PlyCount "50"]
[EventDate "2016.10.15"]
[EventType "team-tourn"]
[EventRounds "11"]
[EventCountry "SVK"]
[SourceTitle "CBM 175 Extra"]
[Source "ChessBase"]
[SourceDate "2016.12.12"]
[SourceVersion "1"]
[SourceVersionDate "2016.12.12"]
[SourceQuality "1"]
[WhiteTeam "Bratislava Lokomotiva"]
[BlackTeam "Dubnica nad Vahom II"]
[WhiteTeamCountry "SVK"]
[BlackTeamCountry "SVK"]

1. d4 d5 2. c4 c6 3. cxd5 cxd5 4. Nf3 Nc6 5. Nc3 e6 6. Bf4 Nf6 7. e3 Be7 8. Bd3 0-0 9. h3 Qb6 10. Qe2 Bd7 11. 0-0 Nb4 12. Bb1 Rfc8 13. Ne5 Be8 14. Rc1 Ne4 15. Bxe4 dxe4 16. Nc4 Qa6 17. Nxe4 Nxa2 18. Rc2 Nc3 19. Qf1 Qxc4 20. Qxc4 Rxc4 21. bxc3 b5 22. Rca2 Ra4 23. Rxa4 bxa4 24. c4 Bb4 25. Nc5 Bxc5 1/2-1/2

[Event "SVK-chT1W 1516"]
[Site "Slovakia"]
[Date "2015.10.25"]
[Round "2.4"]
[White "Borik, Juraj"]
[Black "Sipos, Istvan"]
[Result "0-1"]
[WhiteElo "2166"]
[BlackElo "2492"]
[PlyCount "52"]
[EventDate "2015.10.24"]
[EventType "team-tourn"]
[EventRounds "11"]
[EventCountry "SVK"]
[SourceTitle "CBM 170 Extra"]
[Source "ChessBase"]
[SourceDate "2016.02.25"]
[SourceVersion "1"]
[SourceVersionDate "2016.02.25"]
[SourceQuality "1"]
[WhiteTeam "Dubnica nad Vahom"]
[BlackTeam "Gabcikovo"]
[WhiteTeamCountry "SVK"]
[BlackTeamCountry "SVK"]

1. Nf3 d5 2. d4 Bf5 3. c4 e6 4. Nc3 Nf6 5. Bf4 dxc4 6. Qa4+ c6 7. Qxc4 Nbd7 8. Qb3 Qb6 9. Nd2 Nd5 10. Bg3 Qxb3 11. axb3 Bb4 12. Rc1 Nxc3 13. bxc3 Ba3 14. Rd1 Bb2 15. e4 Bg6 16. Nb1 Bxe4 17. Kd2 a5 18. Bd6 a4 19. bxa4 Nb6 20. a5 Na4 21. Bb4 0-0-0 22. a6 c5 23. axb7+ Kxb7 24. Bb5 cxb4 25. cxb4 Bxb1 26. Rxb1 Nc3 0-1

[Event "SVK-chT 1516"]
[Site "Slovakia"]
[Date "2015.10.10"]
[Round "1.5"]
[White "Borik, Juraj"]
[Black "Magat, Jozef"]
[Result "1-0"]
[WhiteElo "2166"]
[BlackElo "2108"]
[PlyCount "129"]
[EventDate "2015.10.10"]
[EventType "team-tourn"]
[EventRounds "11"]
[EventCountry "SVK"]
[SourceTitle "CBM 168 Extra"]
[Source "ChessBase"]
[SourceDate "2015.10.29"]
[SourceVersion "1"]
[SourceVersionDate "2015.10.29"]
[SourceQuality "1"]
[WhiteTeam "Dubnica nad Vahom"]
[BlackTeam "Dunajov Inbest"]
[WhiteTeamCountry "SVK"]
[BlackTeamCountry "SVK"]

1. d4 d5 2. Nf3 Nf6 3. c4 e6 4. Nc3 c6 5. e3 Nbd7 6. cxd5 exd5 7. Bd3 Bd6 8. Nh4 g6 9. f4 Ne4 10. Nf3 Ndf6 11. Bxe4 Nxe4 12. Qb3 Qe7 13. 0-0 0-0 14. Ne5 Kg7 15. Nxe4 dxe4 16. Bd2 Be6 17. Qc2 f6 18. Nc4 Bb4 19. Bxb4 Qxb4 20. Nd2 f5 21. a3 Qb5 22. Rfc1 Rfd8 23. Qc3 Kf7 24. Kf2 Rac8 25. b4 a6 26. Nb3 Bxb3 27. Qxb3+ Qd5 28. Rab1 Qxb3 29. Rxb3 Rd5 30. Rbc3 Rcd8 31. h3 Ke6 32. g4 g5 33. Kg3 fxg4 34. hxg4 gxf4+ 35. Kxf4 Rf8+ 36. Kxe4 Rg5 37. Rc5 Rxg4+ 38. Kd3 Rf5 39. Rh1 Rg7 40. Rh6+ Rf6 41. Re5+ Kf7 42. Rh3 Re6 43. Reh5 Kg8 44. a4 Reg6 45. Kc4 Rg5 46. a5 Rxh5 47. Rxh5 Re7 48. Kd3 Kg7 49. e4 Kg6 50. Rh1 Kg5 51. d5 h5 52. Kd4 cxd5 53. exd5 Re2 54. d6 Kf6 55. Rxh5 Rd2+ 56. Kc5 Rc2+ 57. Kb6 Rc4 58. Kxb7 Ke6 59. b5 axb5 60. a6 Kxd6 61. a7 Rc7+ 62. Kb6 Rxa7 63. Kxa7 Kc6 64. Ka6 b4 65. Rb5 1-0

[Event "SVK-chT 1415"]
[Site "Slovakia"]
[Date "2015.03.22"]
[Round "11.2"]
[White "Jacko, Vladimir1"]
[Black "Borik, Juraj"]
[Result "1-0"]
[WhiteElo "2269"]
[BlackElo "2188"]
[PlyCount "61"]
[EventDate "2014.10.25"]
[EventType "team-tourn"]
[EventRounds "11"]
[EventCountry "SVK"]
[SourceTitle "EXT 2016"]
[Source "ChessBase"]
[SourceDate "2015.10.08"]
[SourceVersion "1"]
[SourceVersionDate "2015.10.08"]
[SourceQuality "1"]
[WhiteTeam "Prakovce"]
[BlackTeam "Dubnica nad Vahom"]
[WhiteTeamCountry "SVK"]
[BlackTeamCountry "SVK"]

1. e4 e6 2. d4 d5 3. Nc3 Bb4 4. exd5 exd5 5. Bd3 Nc6 6. Nge2 Qf6 7. 0-0 Be6 8. Nb5 Ba5 9. Bf4 Rc8 10. Qc1 h6 11. Ng3 Kf8 12. c3 a6 13. Na3 Nge7 14. Re1 Bb6 15. Nc2 Ng6 16. Bd2 Nce7 17. Nh5 Qh4 18. Nf4 Nxf4 19. Bxf4 c6 20. Bg3 Qg5 21. Bf4 Qh4 22. Qd2 Bc7 23. Bxc7 Rxc7 24. Re5 Qf6 25. Rae1 g5 26. R1e3 g4 27. f4 Qxf4 28. Rxe6 Rg8 29. R6e5 g3 30. hxg3 Rxg3 31. Qf2 1-0

[Event "SVK-chT 1415"]
[Site "Slovakia"]
[Date "2015.03.21"]
[Round "10.1"]
[White "Borik, Juraj"]
[Black "Jurcisin, Imrich"]
[Result "1-0"]
[WhiteElo "2188"]
[BlackElo "2044"]
[PlyCount "91"]
[EventDate "2014.10.25"]
[EventType "team-tourn"]
[EventRounds "11"]
[EventCountry "SVK"]
[SourceTitle "EXT 2016"]
[Source "ChessBase"]
[SourceDate "2015.10.08"]
[SourceVersion "1"]
[SourceVersionDate "2015.10.08"]
[SourceQuality "1"]
[WhiteTeam "Dubnica nad Vahom"]
[BlackTeam "Kosice Slavia"]
[WhiteTeamCountry "SVK"]
[BlackTeamCountry "SVK"]

1. Nf3 Nf6 2. c4 e6 3. g3 b6 4. Bg2 Bb7 5. 0-0 Be7 6. b3 0-0 7. Bb2 d6 8. Qc2 Nbd7 9. Nc3 c5 10. Rad1 Qc7 11. d4 Rad8 12. d5 e5 13. Bh3 Bc8 14. Nh4 Rfe8 15. Kg2 Bf8 16. e4 g6 17. Kh1 Nh5 18. Bc1 Ndf6 19. Bg2 a6 20. h3 Be7 21. Kh2 Ng7 22. Nf3 Rf8 23. Ne2 Nfe8 24. Bh6 f5 25. Ng5 Rf6 26. f4 Nh5 27. Ne6 Bxe6 28. dxe6 Neg7 29. fxe5 dxe5 30. Rxd8+ Bxd8 31. exf5 gxf5 32. Bg5 Rg6 33. Bxd8 Qxd8 34. Bd5 Kh8 35. Qc3 Qd6 36. a4 a5 37. Rf3 Nxe6 38. Rxf5 Nd4 39. Nxd4 exd4 40. Qf3 Qxg3+ 41. Qxg3 Nxg3 42. Rf8+ Kg7 43. Rg8+ Kf6 44. Rxg6+ hxg6 45. Kxg3 Ke5 46. Kf3 1-0

[Event "SVK-chT 1415"]
[Site "Slovakia"]
[Date "2015.03.20"]
[Round "9.2"]
[White "Borik, Juraj"]
[Black "Meszaros, Michal"]
[Result "0-1"]
[WhiteElo "2188"]
[BlackElo "2410"]
[PlyCount "68"]
[EventDate "2014.10.25"]
[EventType "team-tourn"]
[EventRounds "11"]
[EventCountry "SVK"]
[SourceTitle "EXT 2016"]
[Source "ChessBase"]
[SourceDate "2015.10.08"]
[SourceVersion "1"]
[SourceVersionDate "2015.10.08"]
[SourceQuality "1"]
[WhiteTeam "Dubnica nad Vahom"]
[BlackTeam "Dunajska Streda"]
[WhiteTeamCountry "SVK"]
[BlackTeamCountry "SVK"]

1. d4 Nf6 2. c4 g6 3. Nc3 d5 4. cxd5 Nxd5 5. e4 Nxc3 6. bxc3 Bg7 7. Bc4 0-0 8. Ne2 c5 9. 0-0 Nc6 10. Be3 Bd7 11. Rb1 Qc7 12. Bf4 Qc8 13. Rc1 a6 14. Qd2 Rd8 15. Bh6 Bh8 16. Qf4 Be8 17. e5 b5 18. Bd3 Nxe5 19. Be4 Nc6 20. d5 Ne5 21. Ng3 Ra7 22. Rfe1 c4 23. Rcd1 f6 24. Nf5 Rad7 25. d6 exd6 26. Bd5+ Bf7 27. Ne3 Nd3 28. Qd4 Nxe1 29. Rxe1 Re7 30. Rd1 Rde8 31. Bxf7+ Kxf7 32. Qxd6 Qe6 33. Qd4 Qe5 34. Qd2 Bg7 0-1

[Event "SVK-chT1W 1415"]
[Site "Slovakia"]
[Date "2015.03.15"]
[Round "11.3"]
[White "Borik, Juraj"]
[Black "Sosovicka, Juraj"]
[Result "1/2-1/2"]
[WhiteElo "2188"]
[BlackElo "2215"]
[PlyCount "67"]
[EventDate "2014.10.18"]
[EventType "team-tourn"]
[EventRounds "11"]
[EventCountry "SVK"]
[SourceTitle "EXT 2016"]
[Source "ChessBase"]
[SourceDate "2015.10.08"]
[SourceVersion "1"]
[SourceVersionDate "2015.10.08"]
[SourceQuality "1"]
[WhiteTeam "Dubnica nad Vahom II"]
[BlackTeam "Bratislava Slovan III"]
[WhiteTeamCountry "SVK"]
[BlackTeamCountry "SVK"]

1. c4 e5 2. Nc3 Nf6 3. g3 d5 4. cxd5 Nxd5 5. Bg2 Nb6 6. Nf3 Nc6 7. 0-0 Be7 8. d3 0-0 9. Be3 Be6 10. Nd2 Nd5 11. Nxd5 Bxd5 12. Bxd5 Qxd5 13. Qb3 Rfd8 14. Qxd5 Rxd5 15. Rfc1 Rd7 16. Nb3 Nd4 17. Bxd4 exd4 18. Nc5 Bxc5 19. Rxc5 Re8 20. Kf1 Re6 21. Rac1 c6 22. b4 g6 23. b5 cxb5 24. Rxb5 Ra6 25. Rc2 Kf8 26. Rb3 Ke7 27. e3 Rad6 28. Ke2 h5 29. h4 Ra6 30. Rcb2 b6 31. Rb4 dxe3 32. fxe3 Ra3 33. R4b3 Ra4 34. Kf3 1/2-1/2